Normal view MARC view

Entry Personal Name

Number of records used in: 1

001 - CONTROL NUMBER

  • control field: 383891

003 - CONTROL NUMBER IDENTIFIER

  • control field: OSt

005 - DATE AND TIME OF LATEST TRANSACTION

  • control field: 20220927112612.0

008 - FIXED-LENGTH DATA ELEMENTS

  • fixed length control field: 220927|| aca||aabn | a|a d

040 ## - CATALOGING SOURCE

  • Original cataloging agency: OSt
  • Transcribing agency: OSt

100 ## - HEADING--PERSONAL NAME

  • Personal name: Thorat S.P.p

670 ## - SOURCE DATA FOUND

  • Source citation: Work cat.: (OSt)700418: Thorat S.P.p., Study team on recruitment selection U.P.S.C./states P.S.C.S. and training
Copyright @ Delhi University Library System